000 01079cam a2200301 a 4500
001 4522321
003 GBCCL
005 20241126110417.0
008 990524s1999 cauab 000 1 eng
010 _a 99031673
020 _a0830724281 (trade)
035 _a(DLC) 99031673
040 _aDLC
_cDLC
_dDLC
050 0 0 _aPS3570.O9334
_bJ47 1999
082 0 0 _a813.54
_221
_bTOW
100 1 _aTowns, Elmer L.
_9410
245 1 4 _aThe son :
_ba novel /
_cE.L. Towns.
260 _aVentura, Calif. :
_bRegal,
_cc1999.
300 _a331 p. :
_bill., 1 map ;
_c23 cm.
500 _a"He was sent to save the world."
600 0 0 _aJesus Christ
_vFiction.
_94319
630 0 0 _aBible.
_pNew Testament
_xHistory of Biblical events
_vFiction.
_94320
650 0 _aChristian fiction, American.
_94321
906 _a7
_bcbc
_corignew
_d1
_eocip
_f19
_gy-gencatlg
942 _2ddc
_cBK
999 _c2104
_d2104